000 00769cam a22002653a 4500
001 14077
003 PGUSA
005 20140828083313.0
008 041117s2004||||xxu|||||s|||||000 p eng d
040 _aPGUSA
_beng
042 _adc
050 4 _aPZ
100 1 _aCaldecott, Randolph,
_d1846-1886
245 1 2 _aA Frog He Would A-Wooing Go
_h[electronic resource] /
_cRandolph Caldecott
260 _bProject Gutenberg,
_c2004
506 _aPublic domain in the USA.
516 _aElectronic text
653 _aFrogs -- Juvenile poetry
653 _aPicture books for children
653 _aAnimals -- Juvenile poetry
653 _aFolk songs, English
830 0 _aProject Gutenberg
_v14077
856 4 0 _uhttp://www.gutenberg.org/ebooks/14077
942 _cEB
999 _c243332
_d243332